000 00693nam a2200217Ia 4500
003 GCL
008 140319s9999 xx 000 0 ara d
040 _aGCL /
_cGCL
082 0 4 _a811.5
_bا ك
100 1 _aفخرالدين قبادة
245 1 0 _aكتاب الاختيارين /
_cفخرالدين قبادة
700 1 _aالاخفش الاصغر، ابوالمحاسن على
260 _a[S.N] :
_bمجمع اللغة العربية ،
_c1974
300 _a792 ص
490 _a
650 0 4 _aالشعر العربى
650 0 4 _aالادب العربى
650 0 4 _aدواوين وقصائد
650 0 4 _aالدولة العباسية الثانية
942 _2ddc
_cBK
999 _c35346
_d35346